000
00204 a2200097 4500
001
10497
100
_a
Ttuleja, T.V.
245
_a
Eclipse of the german Navy
260
_a
_b
Dent
_c
090
_c
8113
_d
8113
942
_a
NUST-CAE
_c
M
_c
34838
999
_c
245570
_d
245570